| 000 -LEADER |
| fixed length control field |
00598cam a2200205 a 4500 |
| 003 - CONTROL NUMBER IDENTIFIER |
| control field |
PK-NaQUE |
| 005 - DATE AND TIME OF LATEST TRANSACTION |
| control field |
20260303105508.0 |
| 008 - FIXED-LENGTH DATA ELEMENTS--GENERAL INFORMATION |
| fixed length control field |
260303b ||||| |||| 00| 0 eng d |
| 020 ## - INTERNATIONAL STANDARD BOOK NUMBER |
| International Standard Book Number |
034067699X (pb) |
| 022 ## - INTERNATIONAL STANDARD SERIAL NUMBER |
| International Standard Serial Number |
9780444633736 |
| 040 ## - CATALOGING SOURCE |
| Transcribing agency |
QUEST |
| 082 00 - DEWEY DECIMAL CLASSIFICATION NUMBER |
| Classification number |
621.402/1WIN |
| 100 1# - MAIN ENTRY--PERSONAL NAME |
| Personal name |
Winterbone, D. E. |
| 245 10 - TITLE STATEMENT |
| Title |
Advanced Thermodynamics For Engineers / |
| 260 ## - PUBLICATION, DISTRIBUTION, ETC. (IMPRINT) |
| Place of publication, distribution, etc |
London : |
| Name of publisher, distributor, etc |
Arnold ; |
| Place of publication, distribution, etc |
New York : |
| Name of publisher, distributor, etc |
J. Wiley & Sons, |
| Date of publication, distribution, etc |
2015.. |
| 300 ## - PHYSICAL DESCRIPTION |
| Extent |
531p. : |
| Other physical details |
ill. ; |
| 650 #0 - SUBJECT ADDED ENTRY--TOPICAL TERM |
| Topical term or geographic name as entry element |
Thermodynamics. |
| 856 42 - ELECTRONIC LOCATION AND ACCESS |
| Uniform Resource Identifier |
http://10.10.170.122:8080/browse/book/29326 |
| Link text |
Download eBook |
| 942 ## - ADDED ENTRY ELEMENTS (KOHA) |
| Koha item type |
Books |
| Source of classification or shelving scheme |
|